=LDR 00000nam 2200000 4500 =001 INLIS000000000026756 =005 20130612125159 =008 ***********************************ind** =035 ##$$a0010-061300000026756 =041 ##$$a ind =082 ##$$a 641.3 =090 ##$$a 641.3, PUT c =100 ##$$a Putra, Feri Surya =245 ##$$a Cara praktis pembuatan pempek Palembang, Feri Surya Putra =260 ##$$a 2007 $b Yogyakarta =300 ##$$a 56 hlm., ilus., 12 cm =650 ##$$a Makanan =850 ##$$a NBPNMAT =990 ##$$a 0001/BPAP-NTB/20142014